000
00246nam a22000977a 4500
999
_c
16284
_d
16284
003
OSt
008
200717b ||||| |||| 00| 0 eng d
100
_a
K C Sen
_9
4671
245
_a
Nutrilite values Indian cattle feeds/ Feeding of Animals
942
_c
BK